Stanovenie dusitanov vo vodách metódou prietokovej coulometrie

Guardado en:
Detalles Bibliográficos
Autor principal: Olexa, Miloš
Formato: Libro
Lenguaje:eslovaco
Publicado: Bratislava STU FCHPT 2010
Acceso en línea:Ver en el OPAC
Etiquetas: Agregar Etiqueta
Sin Etiquetas, Sea el primero en etiquetar este registro!

MARC

LEADER 00000nam a2200000 a 4500
005 20260127134052.0
008 100827 2010 xo 000 0 slo d
035 |a vtls010126757 
039 9 |y 201008270930  |z mschk03 
040 |a STUSCHK1  |b slo  |c STUSCHK1  |e AACR2 
100 1 |a Olexa, Miloš 
245 1 |a Stanovenie dusitanov vo vodách metódou prietokovej coulometrie  |c Miloš Olexa 
260 |a Bratislava  |b STU FCHPT  |c 2010 
300 |a 28 s.  |b il.  |c 30 cm 
500 |a Obháj.: 24.8. 2010 
500 |a Študijný program: chémia a medicínska chémia 
500 |a Študijný odbor: 4.1.14 chémia 
500 |a Bakalárska práca 
500 |a FCHPT, Oddelenie analytickej chémie 
500 |a Evidenčné číslo: 5427-40380 
910 |a SCHK95 
999 |c 3367  |d 3367